Návrh informačného systému pre logistiku a skladovanie

Guardado en:
Detalles Bibliográficos
Autor principal: Zemko, Adam (Autor)
Otros Autores: Kebísek, Michal (Orientador)
Formato: Manuscrito Libro
Lenguaje:eslovaco
Publicado: 2021
Materias:
Acceso en línea:http://is.stuba.sk/zp/portal_zp.pl?podrobnosti=157984
Etiquetas: Agregar Etiqueta
Sin Etiquetas, Sea el primero en etiquetar este registro!

MARC

LEADER 00000ntm a22000003a 4500
001 stuzp82511
003 SK-STU
005 20210612211153.5
007 ta
008 150427s2015----xo-----f-mn---000-0-slo-d
040 |a STU  |b slo 
041 0 |a slo 
100 1 |a Zemko, Adam  |u 066000  |k Z4  |4 aut  |U MTF Materiálovotechnologická fakulta  |T MTF Ústav aplikovanej informatiky, automatizácie a mechatroniky  |X 85445  |U M6000  |Y 86  |7 85445 
242 0 1 |a Proposal of information system for logistics and warehousing  |y eng 
245 1 0 |a Návrh informačného systému pre logistiku a skladovanie 
260 |c 2021 
650 4 |a databáza  |2 slo 
650 4 |a informačný systém  |2 slo 
650 4 |a Android  |2 slo 
650 4 |a BPMN  |2 slo 
650 4 |a UML  |2 slo 
650 4 |a database  |2 eng 
650 4 |a Android  |2 eng 
650 4 |a UML  |2 eng 
650 4 |a BPMN  |2 eng 
650 4 |a information system  |2 eng 
700 1 |a Kebísek, Michal  |u 066000  |k Z1  |4 ths  |U MTF Materiálovotechnologická fakulta  |T MTF Ústav aplikovanej informatiky, automatizácie a mechatroniky  |X 2798  |U M6000  |Y 86  |7 A000002798 
856 4 |u http://is.stuba.sk/zp/portal_zp.pl?podrobnosti=157984 
996 |c M* DP-14819  |l MMSKP  |s P  |a 0  |w stuzp82511_0001